00878nam a22001817a 450000500170000000800410001702000180005804000520007610000190012824500880014726000370023530000430027252002220031565000460053765000480058365000240063165000410065520260423082415.0260422t2025 |||||||| |||| 00| 0 eng d a9780500293133 aCO-BoUCMbspacStefania BorbondStefania Borbon aJohnston, Lucy aDigital handmade :bcraftsmanship in the new industrial revolution /cLucy Johnston aLondon :bThames & Hudson,c2017 a288 páginas :bilustraciones a color aEstudio sobre la producción artesanal contemporánea y su relación con las tecnologías digitales, destacando el trabajo de 80 artistas y diseñadores internacionales que integran procesos digitales y manuales. 4aArtesaníasxInnovaciones tecnológicas 4aDiseño industrialxProcesamiento de datos 4aArte y tecnología 4aImpresión 3DxAplicaciones en arte